00924cam a2200181 a 4500020001700000040000800017082002600025245012300051260008500174300004000259500004300299500021100342650001500553700002300568710005700591710003700648710005700685 a0962545937 : cDLC00a338 AME 1993 A063 Or.00aTechnology management in Japan :bR&D policy, industrial strategies, and current practice = [Nihon no gijutsu keiei] / aWashington, D.C. :bAmerican Association for the Advancement of Science,cc1993. axxxv, 176 p. :bill., map ;c23 cm. aParallel title in Japanese characters. a"Joint symposium, AAAS annual meeting, American Association for the Advancement of Science, Japan Society for Science Policy and Research Management, Hynes Convention Center, Boston, MA, February 13, 1993." 0aTechnology1 aCutler, Robert S.,2 aAmerican Association for the Advancement of Science.2 aKenkyū Gijutsu Keikaku Gakkai.2 aAmerican Association for the Advancement of Science.